| 000 | 00470nam a2200169Ia 4500 | ||
|---|---|---|---|
| 008 | 210210b1990 xxu||||| |||| 00| 0 eng d | ||
| 020 | _a81 208 0447 3 | ||
| 082 | _a809.88914 WARI | ||
| 100 | _aWARDER (A K). | ||
| 245 | _aIndian kavya literature.V2-The origins & formation of classical kavya. | ||
| 260 |
_aN D _bMotilal Banarsidass _c1990 |
||
| 300 | _avi,405 | ||
| 440 | _a2 | ||
| 650 | _aIndian Kavya Literature | ||
| 690 | _aIndian Literature | ||
| 906 | _a045939 | ||
| 999 |
_c95473 _d95473 |
||